[Event "TCh-CHN Division A 2014"]
[Site "Jiangmen CHN"]
[Date "2014.04.13"]
[Round "2.4"]
[White "Zeng, Chongsheng"]
[Black "Wan, Yunguo"]
[Result "1-0"]
[WhiteTitle "GM"]
[BlackTitle "IM"]
[WhiteElo "2540"]
[BlackElo "2493"]
[WhiteTeam "Guangdong"]
[BlackTeam "Hebei"]
[WhiteFideId "8603847"]
[BlackFideId "8603189"]
[EventDate "2014.04.12"]

1. b3 e5 2. Bb2 Nc6 3. e3 Nge7 4. Nf3 e4 5. Ng1 d5 6. d3 exd3 7. Bxd3 Ng6 8. Nf3
Bb4+ 9. c3 Be7 10. Nbd2 Bf6 11. O-O Nge5 12. Be2 O-O 13. Qc2 Bg4 14. h3 Bh5 15.
Nxe5 Bxe2 16. Nxc6 bxc6 17. Rfe1 Bh5 18. c4 Bg6 19. Qc1 Bxb2 20. Qxb2 a5 21.
cxd5 cxd5 22. Rac1 Qd6 23. Qd4 Qa3 24. Rxc7 a4 25. Rec1 h6 26. R1c6 Bh7 27. Qc5
axb3 28. axb3 Qxc5 29. Rxc5 Rfd8 30. Nf3 Be4 31. Nd4 Ra1+ 32. Rc1 Ra2 33. f3 Bd3
34. h4 Re8 35. Rc8 Rxc8 36. Rxc8+ Kh7 37. h5 Ra1+ 38. Kh2 Ra2 39. Rc1 g6 40.
hxg6+ Kxg6 41. Kg3 Rb2 42. Rc3 Rd2 43. Kf4 h5 44. g3 Rd1 45. Rc5 f6 46. Rxd5 Rb1
47. Rd7 h4 48. gxh4 Rh1 49. Ne6 Bc2 50. Nf8+ 1-0

[Event "TCh-CHN Division A 2014"]
[Site "Jiangmen CHN"]
[Date "2014.04.13"]
[Round "2.4"]
[White "Xu, Yinglun"]
[Black "Wang, Rui"]
[Result "1/2-1/2"]
[BlackTitle "GM"]
[WhiteElo "2410"]
[BlackElo "2394"]
[WhiteTeam "Guangdong"]
[BlackTeam "Hebei"]
[WhiteFideId "8604940"]
[BlackFideId "8601003"]
[EventDate "2014.04.12"]

1. d4 Nf6 2. c4 e6 3. Nf3 d5 4. Nc3 Nbd7 5. Bg5 Be7 6. e3 h6 7. Bh4 O-O 8. Be2
dxc4 9. Bxc4 b6 10. O-O Bb7 11. Rc1 Ne4 12. Bxe7 Qxe7 13. Nxe4 Bxe4 14. Bb5 Qd6
15. Qa4 Bxf3 16. Bxd7 Bb7 17. Bc6 Rfb8 18. Rc3 a5 19. Rfc1 Ra7 20. Bxb7 Raxb7
21. Rc6 Qd7 22. h3 Ra8 23. a3 Raa7 24. Qb5 Ra8 25. R1c3 Rd8 26. Qe5 Rc8 27. h4
Ra7 28. Qe4 Re8 29. Qc2 Re7 30. g3 Qd8 31. Kh2 Qd7 32. Rb3 Qd8 33. Qc4 Rd7 34.
Rc3 Qe7 35. Kg2 Qd8 36. Qa4 Qe7 37. Qb5 Qd8 1/2-1/2

[Event "TCh-CHN Division A 2014"]
[Site "Jiangmen CHN"]
[Date "2014.04.13"]
[Round "2.4"]
[White "Li, Shilong"]
[Black "Yang, Kaiqi"]
[Result "1-0"]
[WhiteTitle "GM"]
[BlackTitle "IM"]
[WhiteElo "2495"]
[BlackElo "2351"]
[WhiteTeam "Guangdong"]
[BlackTeam "Hebei"]
[WhiteFideId "8600678"]
[BlackFideId "8604398"]
[EventDate "2014.04.12"]

1. d4 Nf6 2. c4 e6 3. Nc3 Bb4 4. e3 O-O 5. Bd3 c5 6. Ne2 d5 7. O-O cxd4 8. exd4
dxc4 9. Bxc4 Nc6 10. a3 Be7 11. Qd3 b6 12. Bf4 Bb7 13. Rad1 Qc8 14. Ba2 Rd8 15.
Qh3 g6 16. Rfe1 Nh5 17. Be3 Bf8 18. g4 e5 19. Qf3 Nf4 20. Ne4 Nxd4 21. Nxd4 Bxe4
22. Qxe4 Rxd4 23. Bxd4 Nh3+ 24. Kg2 Ng5 25. Qxe5 Qxg4+ 26. Qg3 1-0

[Event "TCh-CHN Division A 2014"]
[Site "Jiangmen CHN"]
[Date "2014.04.13"]
[Round "2.4"]
[White "Zhai, Mo"]
[Black "Li, Xueyi"]
[Result "1-0"]
[WhiteTitle "WIM"]
[WhiteElo "2325"]
[BlackElo "2193"]
[WhiteTeam "Hebei"]
[BlackTeam "Guangdong"]
[WhiteFideId "8600201"]
[BlackFideId "8605912"]
[EventDate "2014.04.12"]

1. e4 c6 2. d4 d5 3. Nc3 dxe4 4. Nxe4 Nd7 5. Bc4 Ngf6 6. Ng5 e6 7. Qe2 Nb6 8.
Bd3 h6 9. N5f3 c5 10. dxc5 Nbd7 11. b4 b6 12. Nd4 Nxc5 13. Bb5+ Ncd7 14. Qf3 Nd5
15. a3 Bb7 16. c4 Qf6 17. Qe4 O-O-O 18. cxd5 Bxd5 19. Qc2+ Kb8 20. Nge2 Bxg2 21.
Rg1 Bd5 22. Bb2 Ne5 23. Rg3 Bd6 24. f4 Rc8 25. Qd2 Ka8 26. Nb3 Rhd8 27. fxe5
Bxe5 28. Bxe5 Qxe5 29. Nd4 Bb7 30. Qe3 Qd5 31. Qf3 Qe5 32. Qxf7 g5 33. Qxe6 Qg7
34. Rd1 a6 35. Bc6 1-0

[Event "TCh-CHN Division A 2014"]
[Site "Jiangmen CHN"]
[Date "2014.04.13"]
[Round "2.4"]
[White "Wang, Doudou"]
[Black "Liu, Manli CHN"]
[Result "0-1"]
[WhiteTitle "WIM"]
[WhiteElo "2215"]
[BlackElo "1988"]
[WhiteTeam "Hebei"]
[BlackTeam "Guangdong"]
[WhiteFideId "8603197"]
[BlackFideId "8608121"]
[EventDate "2014.04.12"]

1. d4 Nf6 2. c4 e6 3. Nf3 d5 4. Nc3 Be7 5. Bf4 O-O 6. e3 c5 7. dxc5 Bxc5 8. a3
dxc4 9. Bxc4 a6 10. Qc2 Nbd7 11. Rd1 b5 12. Bd3 h6 13. Ne4 Qb6 14. Rc1 Be7 15.
Nxf6+ Nxf6 16. O-O Bb7 17. e4 Rac8 18. Qe2 Rxc1 19. Rxc1 Rc8 20. Rxc8+ Bxc8 21.
e5 Nd7 22. h3 Bb7 23. Bc2 Qc6 24. Qd3 Nf8 25. Qd2 Qd5 26. Qxd5 Bxd5 27. Bd2 Nd7
28. Bc3 Bc5 29. Nd2 Bb6 30. Be4 Kf8 31. Kf1 g5 32. g3 Ke7 33. Ke2 f6 34. exf6+
Nxf6 35. Bg6 Bc7 36. h4 gxh4 37. gxh4 e5 38. Bf5 Be6 39. Bd3 Nd5 40. Ne4 Nxc3+
41. Nxc3 Kd6 42. Ne4+ Kd5 43. Ng3 Bd8 44. h5 Bg5 45. Bc2 Kc4 46. Ne4 Bc1 47. b3+
Kd4 48. Ng3 Kc3 49. Kd1 Kb2 50. Nf5 Bf4 51. a4 Bxb3 52. Bxb3 Kxb3 53. axb5 axb5
54. Ke2 Kc2 55. Kf3 b4 0-1

[Event "TCh-CHN Division A 2014"]
[Site "Jiangmen CHN"]
[Date "2014.04.13"]
[Round "2.5"]
[White "Lin, Chen"]
[Black "Ding, Liren"]
[Result "0-1"]
[WhiteTitle "IM"]
[BlackTitle "GM"]
[WhiteElo "2463"]
[BlackElo "2730"]
[WhiteTeam "Jiangsu"]
[BlackTeam "Zhejiang"]
[WhiteFideId "8602298"]
[BlackFideId "8603677"]
[EventDate "2014.04.12"]

1. e4 e5 2. Nf3 Nc6 3. Nc3 Nf6 4. d4 exd4 5. Nxd4 Bb4 6. Nxc6 bxc6 7. Bd3 O-O 8.
O-O Re8 9. Qf3 Bd6 10. Bf4 Bxf4 11. Qxf4 d6 12. Rae1 Nd7 13. Qd2 Qf6 14. f4 Qd4+
15. Qf2 Qb6 16. b3 Nc5 17. Bc4 Be6 18. Bd3 Qb4 19. Ne2 Nxe4 20. Qd4 Qxd4+ 21.
Nxd4 Nc3 22. Nxc6 Bd7 23. Nd4 c5 24. Nf3 Bc6 25. Nd2 d5 26. a4 a5 27. Kf2 Kf8
28. Nf3 Reb8 29. Bxh7 g6 30. f5 Ne4+ 31. Rxe4 dxe4 32. Ne5 Be8 33. fxg6 f6 34.
Ke3 Kg7 35. Nc4 Bd7 36. Nd6 Rb4 37. h4 Ra6 38. Nf5+ Bxf5 39. Rxf5 c4 40. Rc5
cxb3 41. cxb3 Rxb3+ 42. Kf4 Ra7 43. Rc8 Re7 44. Bg8 Rb4 45. Bf7 e3+ 46. Kf3 f5
47. Rg8+ Kf6 48. Rf8 e2 49. Bc4+ Kxg6 0-1

[Event "TCh-CHN Division A 2014"]
[Site "Jiangmen CHN"]
[Date "2014.04.13"]
[Round "2.5"]
[White "Yu, Ruiyuan"]
[Black "Yu, Lie"]
[Result "1-0"]
[WhiteTitle "GM"]
[BlackTitle "IM"]
[WhiteElo "2552"]
[BlackElo "2327"]
[WhiteTeam "Jiangsu"]
[BlackTeam "Zhejiang"]
[WhiteFideId "8603090"]
[BlackFideId "8603715"]
[EventDate "2014.04.12"]

1. e4 b6 2. d4 Bb7 3. Bd3 e6 4. Nf3 c5 5. c3 Nf6 6. Qe2 Be7 7. e5 Nd5 8. O-O
cxd4 9. Nxd4 Nc6 10. Nxc6 Bxc6 11. a3 d6 12. Be4 b5 13. a4 bxa4 14. Rd1 Qc7 15.
exd6 Qxd6 16. c4 O-O 17. cxd5 exd5 18. Nc3 Rfe8 19. Bxd5 Bf8 20. Qc4 Bxd5 21.
Qxd5 Qb6 22. Nxa4 Qf6 23. Be3 Rad8 24. Qa5 Rxd1+ 25. Rxd1 a6 26. Qb6 Re6 27. Qb8
Qe7 28. h3 Rg6 29. Rd8 1-0

[Event "TCh-CHN Division A 2014"]
[Site "Jiangmen CHN"]
[Date "2014.04.13"]
[Round "2.5"]
[White "Qiu, Mengjie"]
[Black "Guo, Qi"]
[Result "1/2-1/2"]
[WhiteTitle "WFM"]
[BlackTitle "WGM"]
[WhiteElo "2126"]
[BlackElo "2458"]
[WhiteTeam "Zhejiang"]
[BlackTeam "Jiangsu"]
[WhiteFideId "8606137"]
[BlackFideId "8604002"]
[EventDate "2014.04.12"]

1. e4 c6 2. Nc3 d5 3. Nf3 Nf6 4. e5 Ne4 5. h3 Nxc3 6. dxc3 e6 7. Bf4 b6 8. Bd3
a5 9. Qe2 Ba6 10. Nd4 Bxd3 11. cxd3 a4 12. O-O Qd7 13. Rfd1 c5 14. Nf3 Nc6 15.
d4 Na5 16. b3 Be7 17. c4 O-O 18. Rab1 Rfd8 19. Bd2 Nc6 20. Bc3 axb3 21. axb3 h6
22. Rd2 Ra3 23. Qd1 cxd4 24. Nxd4 Nxd4 25. Bxd4 Bb4 26. Bb2 Bxd2 27. Bxa3 dxc4
28. bxc4 Qd4 29. Bd6 Rc8 30. Rc1 f6 31. Bb4 Rd8 32. Qxd2 Qxd2 33. Bxd2 Rxd2 34.
Rb1 fxe5 35. Rxb6 Kf7 36. c5 Rc2 37. Rc6 Rc1+ 38. Kh2 e4 39. Rc8 Rc2 40. Kg3 Kf6
41. c6 Ke5 42. Rg8 g5 43. Rh8 Rxc6 44. Rxh6 Kf5 45. h4 Rc3+ 46. Kh2 g4 47. Rh5+
Kf4 48. Rh6 g3+ 49. fxg3+ Ke5 50. Kg1 e3 51. Kf1 Rc2 52. g4 Rf2+ 53. Ke1 Rxg2
54. g5 Rh2 55. Rh8 Ke4 56. g6 Rh1+ 57. Ke2 Rh2+ 58. Ke1 Rh1+ 1/2-1/2

[Event "TCh-CHN Division A 2014"]
[Site "Jiangmen CHN"]
[Date "2014.04.13"]
[Round "2.5"]
[White "Ding, Yixin"]
[Black "Shen, Yang"]
[Result "1/2-1/2"]
[WhiteTitle "WGM"]
[BlackTitle "IM"]
[WhiteElo "2440"]
[BlackElo "2475"]
[WhiteTeam "Zhejiang"]
[BlackTeam "Jiangsu"]
[WhiteFideId "8602972"]
[BlackFideId "8603162"]
[EventDate "2014.04.12"]

1. Nf3 d5 2. g3 c6 3. Bg2 Bg4 4. c4 e6 5. O-O Bd6 6. b3 Ne7 7. Bb2 O-O 8. d4 Nd7
9. Nbd2 f5 10. Ne5 Nxe5 11. dxe5 Bc5 12. Nf3 f4 13. Bd4 Bb6 14. Bxb6 Qxb6 15.
cxd5 exd5 16. Nd4 fxg3 17. hxg3 Nf5 18. Nxf5 Rxf5 19. Qd2 Raf8 20. e4 Rxe5 21.
Rae1 dxe4 22. Bxe4 Kh8 23. Bc2 Rxe1 24. Rxe1 Qc5 25. Re4 h5 26. b4 Qd5 27. Rd4
Qxa2 28. Rd6 Qc4 29. Bd3 Qf7 30. Rh6+ gxh6 31. Qxh6+ Kg8 32. Bc4 Qxc4 33. Qg6+ 1/2-1/2

[Event "TCh-CHN Division A 2014"]
[Site "Jiangmen CHN"]
[Date "2014.04.13"]
[Round "2.6"]
[White "Ma, Zhonghan"]
[Black "Bu, Xiangzhi"]
[Result "1-0"]
[BlackTitle "GM"]
[WhiteElo "2471"]
[BlackElo "2707"]
[WhiteTeam "Qingdao Experimental School"]
[BlackTeam "Shandong"]
[WhiteFideId "8607206"]
[BlackFideId "8601445"]
[EventDate "2014.04.12"]

1. d4 d6 2. Nf3 g6 3. c4 Bg7 4. Nc3 Nf6 5. g3 O-O 6. Bg2 c6 7. O-O Bf5 8. b3 Qc8
9. Bb2 Na6 10. Re1 Ne4 11. Nxe4 Bxe4 12. Ng5 Bxg2 13. Kxg2 Qg4 14. Nf3 Qe4 15.
Qb1 Qxb1 16. Raxb1 Nc7 17. e3 a5 18. Bc3 Rfc8 19. Rec1 b5 20. a4 b4 21. Bb2 Re8
22. Rd1 Rad8 23. Rd2 f5 24. h3 h6 25. Rbd1 Kf7 26. Ne1 g5 27. Nd3 Kg6 28. Re2
Rf8 29. Rc2 Rc8 30. Re2 Ne6 31. g4 h5 32. f3 hxg4 33. hxg4 fxg4 34. fxg4 Rf7 35.
Rf1 Rxf1 36. Kxf1 Rh8 37. Kg2 Rh4 38. Kg3 Rh1 39. Re1 Rxe1 40. Nxe1 Nf8 41. Nd3
Nd7 42. Kf3 e6 43. Bc1 c5 44. dxc5 Nxc5 45. Nxc5 dxc5 46. Bd2 Be5 47. Ke4 Bd6
48. Bc1 Kf6 49. Bb2+ Kf7 50. Bh8 Bc7 51. Be5 Bb6 52. Bb8 Kf6 53. Bd6 Kg6 54. Be7
Kf7 55. Bxg5 Bc7 56. Bf4 Bd8 57. Bd6 Bb6 58. Ke5 1-0

[Event "TCh-CHN Division A 2014"]
[Site "Jiangmen CHN"]
[Date "2014.04.13"]
[Round "2.6"]
[White "Mu, Ke"]
[Black "Zhao, Jun"]
[Result "1-0"]
[BlackTitle "GM"]
[WhiteElo "2413"]
[BlackElo "2578"]
[WhiteTeam "Qingdao Experimental School"]
[BlackTeam "Shandong"]
[WhiteFideId "8602778"]
[BlackFideId "8602522"]
[EventDate "2014.04.12"]

1. d4 Nf6 2. c4 e5 3. dxe5 Ng4 4. Nf3 Bc5 5. e3 Nc6 6. a3 a5 7. Nc3 Ngxe5 8.
Nxe5 Nxe5 9. f4 Nc6 10. Qh5 d6 11. Bd3 h6 12. Bd2 Bd7 13. O-O Ne7 14. Ne4 Bb6
15. Bc3 Kf8 16. c5 Bxc5 17. Nxc5 dxc5 18. Bc4 Qe8 19. Qxc5 b6 20. Qh5 Nf5 21.
Rae1 f6 22. Qd1 Nd6 23. Bd5 Ba4 24. b3 Bc6 25. e4 Bxd5 26. Qxd5 Nb5 27. Bb2 Rd8
28. Qc4 Rd2 29. Qc1 Rd7 30. e5 f5 31. a4 Na7 32. e6 Re7 33. Qc2 Qg6 34. Re3 Ke8
35. Rfe1 Rg8 36. Qc4 c5 37. Qd5 Kf8 38. Re5 1-0

[Event "TCh-CHN Division A 2014"]
[Site "Jiangmen CHN"]
[Date "2014.04.13"]
[Round "2.6"]
[White "Xu, Zhihang"]
[Black "Wen, Yang"]
[Result "0-1"]
[BlackTitle "GM"]
[WhiteElo "2119"]
[BlackElo "2586"]
[WhiteTeam "Qingdao Experimental School"]
[BlackTeam "Shandong"]
[WhiteFideId "8611572"]
[BlackFideId "8602956"]
[EventDate "2014.04.12"]

1. d4 d6 2. Nf3 Nf6 3. g3 g6 4. Bg2 Bg7 5. c4 O-O 6. Nc3 c6 7. O-O Qb6 8. b3 Qa5
9. Bb2 Qh5 10. Re1 Bg4 11. h4 h6 12. Nh2 g5 13. hxg5 hxg5 14. Ne4 Nbd7 15. Qd2
Nxe4 16. Bxe4 f5 17. Bf3 Rf6 18. Bg2 Rh6 19. Nf3 Nf6 20. Nxg5 Ne4 0-1

[Event "TCh-CHN Division A 2014"]
[Site "Jiangmen CHN"]
[Date "2014.04.13"]
[Round "2.6"]
[White "Xu, Huahua"]
[Black "Gong, Qianyun"]
[Result "1/2-1/2"]
[WhiteTitle "WIM"]
[BlackTitle "WIM"]
[WhiteElo "2106"]
[BlackElo "2349"]
[WhiteTeam "Shandong"]
[BlackTeam "Qingdao Experimental School"]
[WhiteFideId "8604096"]
[BlackFideId "8602425"]
[EventDate "2014.04.12"]

1. e4 e6 2. d4 d5 3. Nd2 Nc6 4. Ngf3 Nf6 5. e5 Nd7 6. Nb3 a5 7. a4 Be7 8. Bb5
Ncb8 9. O-O c6 10. Be2 b6 11. c3 Ba6 12. Be3 O-O 13. Ne1 c5 14. f4 g6 15. g3
Bxe2 16. Qxe2 Nc6 17. Ng2 Rc8 18. Rac1 cxd4 19. cxd4 Nb4 20. Bd2 Re8 21. Bxb4
Bxb4 22. Qb5 Nb8 23. Rxc8 Qxc8 24. Rc1 Qd7 25. Qxd7 Nxd7 26. Rc7 Nb8 27. Ne3 Kg7
28. g4 Be7 29. f5 gxf5 30. gxf5 Bg5 31. f6+ Kg6 32. Nc2 Na6 33. Rc6 Nb4 34. Nxb4
axb4 35. Rxb6 Rc8 36. a5 Rc2 37. a6 Be3+ 38. Kf1 Rxb2 39. Rxb4 Rf2+ 40. Ke1 Ra2
41. Rb6 h5 1/2-1/2

[Event "TCh-CHN Division A 2014"]
[Site "Jiangmen CHN"]
[Date "2014.04.13"]
[Round "2.6"]
[White "Xiao, Yiyi"]
[Black "Lei, Tingjie"]
[Result "0-1"]
[WhiteTitle "WFM"]
[BlackTitle "WGM"]
[WhiteElo "2248"]
[BlackElo "2421"]
[WhiteTeam "Shandong"]
[BlackTeam "Qingdao Experimental School"]
[WhiteFideId "8606161"]
[BlackFideId "8605114"]
[EventDate "2014.04.12"]

1. Nf3 c5 2. c4 Nc6 3. b3 d6 4. Bb2 e5 5. d3 g6 6. e3 Bg7 7. Be2 Nge7 8. O-O O-O
9. Nc3 h6 10. Qd2 f5 11. Rac1 a6 12. a3 Rb8 13. b4 cxb4 14. axb4 Nxb4 15. Ba3
Nbc6 16. Nd5 g5 17. Rfd1 Kh7 18. Qc2 Ng6 19. Bf1 Be6 20. Qa4 Rf7 21. Rb1 g4 22.
Ne1 f4 23. Rd2 h5 24. Nc2 Bh6 25. Re1 g3 26. h3 gxf2+ 27. Rxf2 Bg5 28. Ree2 Bh4
29. Rf3 Bg4 30. c5 Bxf3 31. gxf3 dxc5 32. Qe4 Ne7 33. Nxe7 Qxe7 34. Rg2 Bg3 35.
Qd5 Rd8 0-1

[Event "TCh-CHN Division A 2014"]
[Site "Jiangmen CHN"]
[Date "2014.04.14"]
[Round "3.1"]
[White "Zhao, Jun"]
[Black "Wang, Hao"]
[Result "1/2-1/2"]
[WhiteTitle "GM"]
[BlackTitle "GM"]
[WhiteElo "2578"]
[BlackElo "2710"]
[WhiteTeam "Shandong"]
[BlackTeam "Beijing"]
[WhiteFideId "8602522"]
[BlackFideId "8602883"]
[EventDate "2014.04.12"]

1. e4 c5 2. Nf3 d6 3. Bb5+ Bd7 4. Bxd7+ Qxd7 5. c4 Nf6 6. Nc3 g6 7. d4 cxd4 8.
Nxd4 Bg7 9. f3 O-O 10. Be3 Nc6 11. O-O e6 12. Nde2 Rfd8 13. Nf4 a6 14. Bb6 Rdc8
15. b3 Ne7 16. Rc1 Rc6 17. Be3 b5 18. cxb5 axb5 19. Qd3 e5 20. Nfd5 Nfxd5 21.
Nxd5 Nxd5 22. Qxd5 Rca6 23. Rc5 Rxa2 24. Rxb5 Rc8 25. Rf2 Ra1+ 26. Rf1 Ra2 27.
Rf2 Ra1+ 28. Rf1 Ra2 29. Rf2 Ra1+ 30. Rf1 Ra2 1/2-1/2

[Event "TCh-CHN Division A 2014"]
[Site "Jiangmen CHN"]
[Date "2014.04.14"]
[Round "3.1"]
[White "Wen, Yang"]
[Black "Yu, Yangyi"]
[Result "1/2-1/2"]
[WhiteTitle "GM"]
[BlackTitle "GM"]
[WhiteElo "2586"]
[BlackElo "2705"]
[WhiteTeam "Shandong"]
[BlackTeam "Beijing"]
[WhiteFideId "8602956"]
[BlackFideId "8603820"]
[EventDate "2014.04.12"]

1. d4 Nf6 2. c4 e6 3. g3 Bb4+ 4. Bd2 Be7 5. Bg2 d5 6. Nf3 O-O 7. O-O c6 8. Qc2
b6 9. Rd1 Nbd7 10. Bf4 Ba6 11. Ne5 Rc8 12. cxd5 cxd5 13. Nc6 Bb5 14. Nxe7+ Qxe7
15. Nc3 Nh5 16. Be3 Nhf6 17. Qd2 Ba6 18. Bf4 Nh5 19. Bg5 Nhf6 20. Bf4 Nh5 21.
Bg5 Nhf6 1/2-1/2

[Event "TCh-CHN Division A 2014"]
[Site "Jiangmen CHN"]
[Date "2014.04.14"]
[Round "3.1"]
[White "Bu, Xiangzhi"]
[Black "Xiu, Deshun"]
[Result "1-0"]
[WhiteTitle "GM"]
[BlackTitle "GM"]
[WhiteElo "2707"]
[BlackElo "2553"]
[WhiteTeam "Shandong"]
[BlackTeam "Beijing"]
[WhiteFideId "8601445"]
[BlackFideId "8603693"]
[EventDate "2014.04.12"]

1. Nf3 d5 2. g3 Nf6 3. Bg2 g6 4. c4 Bg7 5. cxd5 Nxd5 6. d4 Nb6 7. Nc3 Nc6 8. O-O
Nxd4 9. Nxd4 Qxd4 10. a4 Qxd1 11. Rxd1 Bxc3 12. bxc3 a5 13. Bf4 c6 14. Bc7 Nd5
15. Bxd5 cxd5 16. Rxd5 O-O 17. Rb5 Be6 18. Rxb7 Rfc8 19. Be5 Kf8 20. f3 Rc4 21.
Rab1 Ke8 22. Bd4 Bc8 23. Rb8 Rxb8 24. Rxb8 Kd7 25. Ra8 Rxa4 26. Bc5 Bb7 27. Ra7
Kc6 28. Bxe7 h5 29. Bd8 Ra2 30. Kf2 a4 31. Ke3 a3 32. h4 Ra1 33. Bf6 a2 34. Be5
Kb6 35. Bf6 Kc6 36. Be5 Kb6 37. Bd4+ Kc6 38. Kd2 Bc8 39. c4 Rb1 40. Rxa2 Rb4 41.
Rc2 Be6 42. Kd3 Rb3+ 43. Rc3 Rb1 44. Ke4 Rb2 45. e3 Rf2 46. Kf4 Rf1 47. e4 Bh3
48. Rc2 Rd1 49. Bf2 Rd3 50. Rb2 Kc7 51. c5 f6 52. g4 hxg4 53. fxg4 Bg2 54. Be3
Bh1 55. Rh2 Rd1 56. h5 gxh5 57. gxh5 Rf1+ 58. Bf2 1-0

[Event "TCh-CHN Division A 2014"]
[Site "Jiangmen CHN"]
[Date "2014.04.14"]
[Round "3.1"]
[White "Song, Yuxin"]
[Black "Xiao, Yiyi"]
[Result "0-1"]
[BlackTitle "WFM"]
[WhiteElo "1685"]
[BlackElo "2248"]
[WhiteTeam "Beijing"]
[BlackTeam "Shandong"]
[WhiteFideId "8614300"]
[BlackFideId "8606161"]
[EventDate "2014.04.12"]

1. e4 e5 2. Nf3 Nf6 3. d4 exd4 4. e5 Ne4 5. Qxd4 d5 6. exd6 Nxd6 7. Nc3 Nc6 8.
Qd1 Bg4 9. Be2 Be7 10. O-O O-O 11. Bf4 Re8 12. Qd2 Bf6 13. Rfe1 Ne4 14. Nxe4
Rxe4 15. c3 Qxd2 16. Bxd2 h6 17. Be3 Ree8 18. Rad1 a6 19. h3 Be6 20. Bf4 Bxa2
21. Bxc7 b5 22. Rd6 Ne7 23. Rd2 Nd5 24. Ba5 Re6 25. Bf1 Rxe1 26. Nxe1 Bg5 27.
Rd4 Re8 28. Nf3 Bf6 29. Rd2 Re4 30. Re2 Ra4 31. Re8+ Kh7 32. Bd3+ g6 33. Bd8 Kg7
34. g3 Bb3 35. Bxf6+ Nxf6 36. Re1 Ra2 37. Rb1 Nd7 38. Nd2 Nc5 39. Nxb3 Nxd3 40.
Kg2 Rxb2 41. Rxb2 Nxb2 42. Nc5 a5 43. Nb3 a4 44. Nc1 Nd1 45. Na2 a3 46. Kf3 0-1

[Event "TCh-CHN Division A 2014"]
[Site "Jiangmen CHN"]
[Date "2014.04.14"]
[Round "3.1"]
[White "Wang, Jue"]
[Black "Xu, Huahua"]
[Result "1/2-1/2"]
[WhiteTitle "WGM"]
[BlackTitle "WIM"]
[WhiteElo "2353"]
[BlackElo "2106"]
[WhiteTeam "Beijing"]
[BlackTeam "Shandong"]
[WhiteFideId "8604070"]
[BlackFideId "8604096"]
[EventDate "2014.04.12"]

1. e4 c5 2. Nf3 Nc6 3. d4 cxd4 4. Nxd4 g6 5. c4 Nf6 6. Nc3 Nxd4 7. Qxd4 d6 8.
Be2 Bg7 9. Be3 O-O 10. Qd2 Qa5 11. O-O Be6 12. f3 Rfc8 13. Rfc1 a6 14. Rab1 Qd8
15. b3 Rab8 16. a4 b6 17. Bf1 Nd7 18. Nd5 Ne5 19. Qf2 Bxd5 20. exd5 e6 21. dxe6
fxe6 22. Rd1 Qc7 23. Rbc1 Qc6 24. Qd2 Rd8 25. Be2 Qe8 26. f4 Nc6 27. b4 e5 28.
b5 Nd4 29. Bxd4 exd4 30. Bf3 a5 31. Re1 Qf8 32. Bc6 Qf5 33. Re4 d5 34. Re7 dxc4
35. Rxc4 Qf6 36. Re4 Qd6 37. Rc1 Rf8 38. Rce1 Rbd8 39. g3 d3 40. Kg2 Qa3 41. Rc4
Rd6 42. Ree4 Qb2 43. Qxb2 Bxb2 44. Re1 d2 45. Rd1 Rfd8 46. Kf3 Ba3 47. Ke2 Bb4
48. Re4 Kf7 49. Kf3 Rd3+ 50. Re3 R8d4 51. Be4 Rc3 52. Rxc3 Bxc3 53. Bc2 Kf6 54.
h4 Ke7 55. Ke2 Bb4 56. Bd3 1/2-1/2

[Event "TCh-CHN Division A 2014"]
[Site "Jiangmen CHN"]
[Date "2014.04.14"]
[Round "3.2"]
[White "Lu, Shanglei"]
[Black "Ma, Zhonghan"]
[Result "1/2-1/2"]
[WhiteTitle "GM"]
[WhiteElo "2566"]
[BlackElo "2471"]
[WhiteTeam "Zhejiang"]
[BlackTeam "Qingdao Experimental School"]
[WhiteFideId "8603332"]
[BlackFideId "8607206"]
[EventDate "2014.04.12"]

1. e4 e5 2. Nf3 Nc6 3. Bb5 Nf6 4. d3 Bc5 5. c3 O-O 6. O-O d6 7. h3 Bb6 8. Re1
Ne7 9. d4 Ng6 10. Nbd2 c6 11. Bd3 Re8 12. Nf1 Nh5 13. Bg5 f6 14. Be3 Nhf4 15.
Ng3 Be6 16. Bf1 d5 17. exd5 Nxd5 18. Bc4 Nxe3 19. Bxe6+ Rxe6 20. fxe3 Qd7 21.
Qb3 Qf7 22. Nf5 e4 23. Nd2 Rae8 24. Rf1 Bc7 25. Kh1 Bb8 26. Rf2 b6 27. g4 Ne7
28. Rg1 Nd5 29. c4 Ne7 30. Qd1 Kh8 31. Qf1 g6 32. Nxe7 Qxe7 33. Qg2 Qb4 34. Qf1 1/2-1/2

[Event "TCh-CHN Division A 2014"]
[Site "Jiangmen CHN"]
[Date "2014.04.14"]
[Round "3.2"]
[White "Yu, Lie"]
[Black "Mu, Ke"]
[Result "1/2-1/2"]
[WhiteTitle "IM"]
[WhiteElo "2327"]
[BlackElo "2413"]
[WhiteTeam "Zhejiang"]
[BlackTeam "Qingdao Experimental School"]
[WhiteFideId "8603715"]
[BlackFideId "8602778"]
[EventDate "2014.04.12"]

1. d4 Nf6 2. c4 d5 3. cxd5 Nxd5 4. Nc3 g6 5. g3 Bg7 6. Bg2 Nb6 7. Nf3 Nc6 8. e3
O-O 9. O-O Re8 10. b3 e5 11. Nxe5 Nxe5 12. dxe5 Qxd1 13. Rxd1 Bxe5 14. Bb2 c6
15. Rd2 Bf5 16. Rad1 Bf6 17. h4 h5 18. Kh2 Be5 19. Kg1 Bf6 20. Kh2 Be5 21. Kg1
Bf6 22. Bf1 Kf8 23. Kg2 Rad8 24. Ba3+ Kg8 25. Rxd8 Rxd8 26. Rxd8+ Bxd8 27. e4
Be6 28. Ne2 Nc8 29. Nf4 Bd7 30. Nd3 Be7 31. Bc5 Kf8 32. f4 b6 33. Ba3 1/2-1/2

[Event "TCh-CHN Division A 2014"]
[Site "Jiangmen CHN"]
[Date "2014.04.14"]
[Round "3.2"]
[White "Ding, Liren"]
[Black "Xu, Zhihang"]
[Result "1-0"]
[WhiteTitle "GM"]
[WhiteElo "2730"]
[BlackElo "2119"]
[WhiteTeam "Zhejiang"]
[BlackTeam "Qingdao Experimental School"]
[WhiteFideId "8603677"]
[BlackFideId "8611572"]
[EventDate "2014.04.12"]

1. d4 Nf6 2. c4 e6 3. Nf3 d5 4. Nc3 Bb4 5. Bg5 O-O 6. e3 h6 7. Bh4 c5 8. cxd5
exd5 9. Be2 g5 10. Bg3 Ne4 11. Rc1 Qa5 12. dxc5 Nxc3 13. bxc3 Bxc3+ 14. Kf1 Nc6
15. Bd6 Re8 16. h4 g4 17. Ng5 hxg5 18. Qd3 Ne5 19. Qxc3 Qxc3 20. Rxc3 gxh4 21.
Rxh4 Ng6 22. Rh5 Be6 23. Rg5 Kg7 24. Bxg4 Kf6 25. Bxe6 fxe6 26. Rg4 Rh8 27. e4
Rh1+ 28. Ke2 dxe4 29. Rxe4 Kf5 30. Rb4 e5 31. Rxb7 1-0